00459 2200169 4500001002100000008004100021035002000062245004500082100002100127260004000148300002100188020002200209084001600231082001000247650001300257990001900270INLIS000000000000463 ind  a0010-0625000131 aMr. Crack Dari PareparecA. Makmur Makka aMakka, A. Makmur aJakarta.bRepublika penerbit,c2019 a493 hlm.c23 cm. a978-602-0822-91-4 a923.2 NUR m a923.1 aBiografi a2113/MP.H/2019